مكتبة جامعة عجلون الوطنية

فهرس بحث المكتبة

طراز المسجد القبة في المدينة المنورة والهفوف :دراسة تحليلية مقارنة للتخطيط وأصوله وتطورة في العمارة الاسلامية، ج2 (الكتاب الاول) (Record no. 4958)

MARC details
000 -LEADER
fixed length control field 01149nam a2200241Ii 4500
003 - CONTROL NUMBER IDENTIFIER
control field JO-AjNU
008 - FIXED-LENGTH DATA ELEMENTS--GENERAL INFORMATION
fixed length control field 230605s9999||||xx |||||||||||||| ||und||
017 ## - COPYRIGHT OR LEGAL DEPOSIT NUMBER
Copyright or legal deposit number 2005/4
020 ## - INTERNATIONAL STANDARD BOOK NUMBER
International Standard Book Number 977-314-230-2
040 ## - CATALOGING SOURCE
Original cataloging agency JO-AjNU
Language of cataloging ara
Description conventions rda
Transcribing agency JO-AjNU
041 ## - LANGUAGE CODE
Language code of text/sound track or separate title ara
050 14 - LIBRARY OF CONGRESS CALL NUMBER
Classification number NA4670.H33 2004
100 3# - MAIN ENTRY--PERSONAL NAME
Personal name الحداد إسماعيل,محمد حمزة تأليف,
Relator term author
9 (RLIN) 9612
245 00 - TITLE STATEMENT
Title طراز المسجد القبة في المدينة المنورة والهفوف :دراسة تحليلية مقارنة للتخطيط وأصوله وتطورة في العمارة الاسلامية، ج2 (الكتاب الاول)
250 ## - EDITION STATEMENT
Edition statement ط2
264 31 - PRODUCTION, PUBLICATION, DISTRIBUTION, MANUFACTURE, AND COPYRIGHT NOTICE
Place of production, publication, distribution, manufacture القاهرة: مكتبة زهراء الشرق ,2004
300 ## - PHYSICAL DESCRIPTION
Extent ج2 (الكتاب الاول)، 76ص
Other physical details اشكال توضيحية
336 ## - CONTENT TYPE
Content type term text
Content type code txt
Source rdacontent
337 ## - MEDIA TYPE
Media type term unmediated
Media type code n
Source rdamedia
338 ## - CARRIER TYPE
Carrier type term volume
Carrier type code nc
Source rdacarrier
490 0# - SERIES STATEMENT
Series statement سلسلة العمارة الإسلامية في الجزيرة العربية
650 #4 - SUBJECT ADDED ENTRY--TOPICAL TERM
Topical term or geographic name entry element العمارة الإسلامة-مسجد القبة في المدينة المنورة والهفوف-أثار-مساجد
9 (RLIN) 9613
Holdings
Withdrawn status Lost status Source of classification or shelving scheme Damaged status Not for loan Home library Current library Shelving location Date acquired Total Checkouts Full call number Barcode Date last seen Price effective from Koha item type
    Library of Congress Classification     مكتبة جامعة عجلون الوطنية مكتبة جامعة عجلون الوطنية المجموعات العامة 06/06/2023   NA4670.H33 2004 A1390 06/06/2023 06/06/2023 Books